Russian political thought: a concise and comprehensive history (Record no. 456)

MARC details
000 -LEADER
fixed length control field 00592nam a2200145 a 4500
008 - FIXED-LENGTH DATA ELEMENTS--GENERAL INFORMATION
fixed length control field 120928s1963 ||||||||||||||||| || u
050 ## - LIBRARY OF CONGRESS CALL NUMBER
Classification number JA 84.R9 Ute
100 ## - MAIN ENTRY--PERSONAL NAME
Personal name Utechin, S. V
245 10 - TITLE STATEMENT
Title Russian political thought: a concise and comprehensive history
Statement of responsibility, etc. by S. V. Utechin
260 ## - PUBLICATION, DISTRIBUTION, ETC.
Place of publication, distribution, etc. London:
Name of publisher, distributor, etc. J. M. Dent & Sons
Date of publication, distribution, etc. 1963
300 ## - PHYSICAL DESCRIPTION
Extent xvi, 320p.
500 ## - GENERAL NOTE
General note Includes Bibliography
650 ## - SUBJECT ADDED ENTRY--TOPICAL TERM
Topical term or geographic name entry element POLITICAL SCIENCE--SOVIET UNION--HISTORY
995 ## -
-- SPECIAL COLLECTIONS
-- 500158
-- CBU-DAG HAMMARSKJOLD INSTITUTE LIBRARY
-- DAG JA 84.R9 Ute
-- 1
-- AVAILABLE
-- Dec 31, 2012
-- 500158
-- DHIPS Book Collection
999 ## -
-- 456
-- 456
Holdings
Withdrawn status Lost status Source of classification or shelving scheme Damaged status Not for loan Permanent Location Current Location Shelving location Date acquired Total Checkouts Full call number Barcode Date last seen Price effective from Koha item type
          CBU-DAG HAMMARSKJOLD INSTITUTE CBU-DAG HAMMARSKJOLD INSTITUTE   11/28/2022   JA 84.R9 Ute 500158 11/28/2022 11/28/2022 MONOGRAPH